| 000 | 00448nam a22001697a 4500 | ||
|---|---|---|---|
| 003 | MPLRDC | ||
| 005 | 20220104124500.0 | ||
| 008 | 210129b ||||| |||| 00| 0 eng d | ||
| 082 | _a859.3 ETKW-2 v.2 | ||
| 100 | _a张翰章、江正彦合著 | ||
| 245 |
_a儿童床边故事. 下册 _c |
||
| 260 |
_a _b大台北出版社 _c1986 |
||
| 300 | _b平 | ||
| 490 | _a儿童课外益智丛书 | ||
| 650 | _a儿童故事 | ||
| 942 |
_cBK _o859.3 ETKW-2 v.2 |
||
| 999 |
_c19683 _d19673 |
||